ARRUPE JESUIT UNIVERSITY

CORONAVIRUS -STOP THE SPREAD - CLEAN,DISINFECT,COVER

The phenomenon of Teilhard : (Record no. 120101)

MARC details
000 -LEADER
fixed length control field 00974cam a2200277 a 4500
001 - CONTROL NUMBER
control field 3051252
003 - CONTROL NUMBER IDENTIFIER
control field ARRUPE
005 - DATE AND TIME OF LATEST TRANSACTION
control field 20140219142618.0
008 - FIXED-LENGTH DATA ELEMENTS--GENERAL INFORMATION
fixed length control field 960503s1996 gau b 001 0 eng
010 ## - LIBRARY OF CONGRESS CONTROL NUMBER
LC control number 96008777
020 ## - INTERNATIONAL STANDARD BOOK NUMBER
International Standard Book Number 0865544980 (pbk. : alk. paper)
040 ## - CATALOGING SOURCE
Original cataloging agency DLC
Transcribing agency DLC
Modifying agency DLC
050 00 - LIBRARY OF CONGRESS CALL NUMBER
Classification number B2430.T37
Item number L36 1996
082 00 - DEWEY DECIMAL CLASSIFICATION NUMBER
Classification number 194
Edition number 20
300 ## - PHYSICAL DESCRIPTION
Dimensions 23 cm.
100 1# - MAIN ENTRY--PERSONAL NAME
Personal name Lane, David H.,
Dates associated with a name 1955-
9 (RLIN) 8777
245 14 - TITLE STATEMENT
Title The phenomenon of Teilhard :
Remainder of title prophet for a new age /
Statement of responsibility, etc by David H. Lane.
250 ## - EDITION STATEMENT
Edition statement 1st ed.
260 ## - PUBLICATION, DISTRIBUTION, ETC. (IMPRINT)
Place of publication, distribution, etc Macon, Ga. :
Name of publisher, distributor, etc Mercer University Press,
Date of publication, distribution, etc 1996.
300 ## - PHYSICAL DESCRIPTION
Extent xvi, 189 p. ;
504 ## - BIBLIOGRAPHY, ETC. NOTE
Bibliography, etc Includes bibliographical references and indexes.
600 20 - SUBJECT ADDED ENTRY--PERSONAL NAME
Personal name Teilhard de Chardin, Pierre.
9 (RLIN) 8778
650 #0 - SUBJECT ADDED ENTRY--TOPICAL TERM
Topical term or geographic name as entry element New Age movement.
9 (RLIN) 8779
906 ## - LOCAL DATA ELEMENT F, LDF (RLIN)
a 7
b cbc
c orignew
d 1
e ocip
f 19
g y-gencatlg
942 ## - ADDED ENTRY ELEMENTS (KOHA)
Source of classification or shelving scheme Library of Congress Classification
Koha item type Monograph ( Printed materials)
Holdings
Withdrawn status Lost status Source of classification or shelving scheme Damaged status Not for loan Collection code Home library Current library Shelving location Date acquired Total Checkouts Full call number Barcode Date last seen Price effective from Koha item type
    Library of Congress Classification     Main Collection ARRUPE LIBRARY ARRUPE LIBRARY Main Collection 19/02/2014   B2430.T374 L36 1996 46500002185 19/02/2014 19/02/2014 Monograph ( Printed materials)

 

Arrupe Library. PO Box MP320 Mt Pleasant, Harare, Zimbabwe
263 242 745411|librarian@aju.ac.zw